Význam komunitnej práce pre vývoj žiakov rómskeho etnika komunita nástrojom rozvoja

Problém integrácie rómskych detí do vzdelávacieho procesu. Analýza psychologicko-ekonomickej situácie rómskeho obvyvateľstva. Komunitná práca a zásady komunitného rozvoja. Zákon a sociálna pomoc. Legislatíva.

Salvato in:
Dettagli Bibliografici
Autore principale: Soroková, Tatiana
Natura: Capitolo di libro
Lingua:slovacco
Soggetti:
Tags: Aggiungi Tag
Nessun Tag, puoi essere il primo ad aggiungerne!!

MARC

LEADER 00000naa$a2200000$$$4500
001 0100061
005 20231127101826.2
041 0 |a slo 
044 |a SK 
245 1 0 |a Význam komunitnej práce pre vývoj žiakov rómskeho etnika  |b komunita nástrojom rozvoja  |c Tatiana Soroková 
520 |a Problém integrácie rómskych detí do vzdelávacieho procesu. Analýza psychologicko-ekonomickej situácie rómskeho obvyvateľstva. Komunitná práca a zásady komunitného rozvoja. Zákon a sociálna pomoc. Legislatíva. 
610 2 0 |a integrácia 
610 2 0 |a školstvo 
610 2 0 |a Rómovia 
610 2 0 |a systémy sociálno-ekonomické 
610 2 0 |a výchova 
610 2 0 |a práca komunitná 
100 1 |a Soroková, Tatiana